Attack on Titan - Charaktere - Statistiken

Allgemein
  • Dieses Quiz wurde 213 mal gespielt
  • Das Durchschnittsergebnis liegt bei 23 aus 52
Antwortstatistiken
Bildquiz Antwort % Korrekt
Levi Ackermann
90%
Grisha Jäger
88%
Mikasa Ackermann
85%
Eren Jäger
83%
Armin Arlert
80%
Berthold Fubar
78%
Reiner Braun
77%
Annie Leonhardt
76%
Ymir
76%
Gabi Braun
75%
Erwin Smith
73%
Hanji Zoe
73%
Hannes
71%
Historia Reiss
71%
Ymir Fritz
69%
Jean Kirschstein
67%
Connie Springer
66%
Zeke Jäger
66%
Sasha Braus
63%
Marco Bott
62%
Flocke Forster
59%
Kenny Ackermann
58%
Pieck Finger
54%
Porco Galliard
50%
Yelena
49%
Falco Grice
48%
Eren Kruger
46%
Rod Reiss
44%
Keith Sadies
41%
Petra Ral
37%
Carla Jäger
28%
Hitch Dreyse
28%
Onyankopon
28%
Willy Tybur
28%
Marcel Galliard
25%
Nicolo
24%
Dina Jäger
22%
Dot Pixis
18%
Colt Grice
17%
Lara Tybur
17%
Uri Reiss
17%
Miche Zacharius
15%
Theo Magath
15%
Marlo Freudenberg
14%
Frieda Reiss
12%
Kaya
12%
Ramzi
10%
Darius Zackly
9%
Fay Jäger
9%
Flegel Reeves
9%
Kiyomi Azumabito
9%
Tom Xaver
7%
Keine übereinstimmenden Quizze gefunden
Verteilung der Resultate
Anzahl Personen mit jedem Resultat
Perzentil nach korrekt beantworteten Fragen
Ihre Resultats-Entwicklung
Sie haben dieses Quiz noch nicht gespielt